| 000 | 00704cam a2200193 i 4500 | ||
|---|---|---|---|
| 005 | 20260129095304.0 | ||
| 008 | 250721s2009 jo gr 000 0 ara d | ||
| 082 | 1 | 4 |
_a370.15 _bأ ع ظ |
| 100 | 1 |
_aالأعظمي، سعيد رشيد _eمؤلف. |
|
| 245 | 1 | 0 |
_aعلم النفس التعليمي (المدرسي) المتقدم / _cأ.د سعيد رشيد الاعظمي. |
| 250 | _aالطبعة الاولى. | ||
| 264 | 3 | 1 |
_aعمان : _bدا رجليس الزمان، _c2009. |
| 300 | _a240صفحة. | ||
| 650 | 1 | 7 | _aعلم النفس التربوي. |
| 650 | 1 | 7 | _aالإرشاد النفسي. |
| 650 | 1 | 7 | _aتوجيه الطلاب. |
| 942 |
_2ddc _cBK |
||
| 999 |
_c120145 _d120145 |
||